00247nam a2200097Ia 4500008004100000100001800041245004000059250001300099260002900112300000800141191201s2015 xx 000 0 und d aGHEZZI, Carlo 0aFundamental of software Engineering a2nd edi. c2015bPearsonaNEW DELHI a604